BIBLIOTECA PODER JUDICIAL
Portal Judicial TDF

La estereotipia como diagnóstico. La vocación transformadora como remedio : (Registro nro. 5883)

000 -LEADER
fixed length control field 01166nab a22002057a 4500
003 - CONTROL NUMBER IDENTIFIER
control field OSt
005 - DATE AND TIME OF LATEST TRANSACTION
control field 20260109024529.0
008 - FIXED-LENGTH DATA ELEMENTS--GENERAL INFORMATION
fixed length control field 190514b xxu||||| |||| 00| 0 spa d
040 ## - CATALOGING SOURCE
Transcribing agency PJ
100 ## - MAIN ENTRY--PERSONAL NAME
9 (RLIN) 5023
Personal name Piccinelli, Ornela Cecilia
245 13 - TITLE STATEMENT
Title La estereotipia como diagnóstico. La vocación transformadora como remedio :
Remainder of title ¿es el Poder Judicial un garante de la no repetición? /
Statement of responsibility, etc Ornela Cecilia Piccinelli.
300 ## - PHYSICAL DESCRIPTION
Extent p. 138-151
505 ## - FORMATTED CONTENTS NOTE
Formatted contents note Sumario: I. Interpelar para (des)armar.— II. Mujeres en situación de discapacidad intelectual. ¿Por qué es necesario un enfoque diferencial?— III. Estereotipos y mujeres con discapacidad.— IV. ¿Cómo operan los estereotipos en el razonamiento judicial?— V. Herramientas para denunciar y combatir los estereotipos.— VI. ¿Quién le pone voz al discurso?.
505 ## - FORMATTED CONTENTS NOTE
Title Si te interesa el texto, comunicate a koha@justierradelfuego.gov.ar
650 #0 - SUBJECT ADDED ENTRY--TOPICAL TERM
9 (RLIN) 967
Topical term or geographic name as entry element DERECHO DE FAMILIA
650 #0 - SUBJECT ADDED ENTRY--TOPICAL TERM
9 (RLIN) 3271
Topical term or geographic name as entry element PERSONAS CON DISCAPACIDAD
650 #0 - SUBJECT ADDED ENTRY--TOPICAL TERM
9 (RLIN) 217
Topical term or geographic name as entry element PODER JUDICIAL
773 0# - HOST ITEM ENTRY
Host Biblionumber 2844
Host Itemnumber 3222
Place, publisher, and date of publication Buenos Aires : AbeledoPerrot, 1989-
Title Derecho de familia. N° 121 - Septiembre 2025
International Standard Book Number 18511201
942 ## - ADDED ENTRY ELEMENTS (KOHA)
Source of classification or shelving scheme
Koha item type Analítica Artículo de Revista

No hay ítems disponibles.

12 de Octubre 789 Ushuaia - Tel:  54(02901)441571
Horario de Atención: 8.00 a 17.00 hs. 
bibliotecaush@justierradelfuego.gov.ar
koha@justierradelfuego.gov.ar
Seguinos en nuestras redes @bibliojustdf 

Con tecnología Koha